004850000a2200157000450024500530000065000090005365000360006265000320009865100280013065100270015865100300018504100130021570000250022810000240025377300500027710aConservation reserve program and grassland birds14aAves14aBiología de la conservación14aDegradación del hábitat 4dMontanapEstados Unidos 4dDakotapEstados Unidos 4dMinnesotapEstados Unidos0 aInglés1 aSchwartz, Michael D.1 aJohnson, Douglas H.1 tConservation Biology324h4q934-937d1993g7